000 00719nam a2200241Ia 4500
003 OSt
005 20220924115011.0
006 a|||||r|||| 00| 0
007 ta
008 220923b |||||||| |||| 00| 0 per d
024 _a330986
037 _cTextual
040 _aARTS
_cARTS
_bper
041 _2per
_aper
082 _aV2y7J08, 164H0
100 _aHosain Hidayat Ed.
_9176402
245 0 _aQanun-i-Humayuni
_b also known as Humayun nama of khwandamir
260 _aCalcutta
_bRoyal Asiatic society of Bangal India
_c1940
300 _a136+36p.
_ccm.
650 _aPERSIAN LANGUAGE - HISTORY
942 _hV2y7J08, 164H0
_cTEXL
_2CC
999 _c396337
_d396337